Vista normal
Vista MARC
Entrada Topical Term
Número de registros utilizados en: 2
001 - CONTROL NUMBER
- control field: 49250
003 - CONTROL NUMBER IDENTIFIER
- control field: OSt
005 - DATE AND TIME OF LATEST TRANSACTION
- control field: 20210920195912.0
008 - FIXED-LENGTH DATA ELEMENTS
- fixed length control field: 860211i| anannbabn |a ana
040 ## - CATALOGING SOURCE
- Original cataloging agency: la-la
042 ## - AUTHENTICATION CODE
- Authentication code: la
083 ## - DEWEY DECIMAL CLASSIFICATION NUMBER
- Classification number element-single number or beginning number of span: 350.00092-20 ed.
083 ## - DEWEY DECIMAL CLASSIFICATION NUMBER
- Classification number element-single number or beginning number of span: 364.132-17 ed.
150 ## - HEADING--TOPICAL TERM
- Topical term or geographic name entry element: Desacato a la Autoridad
450 ## - SEE FROM TRACING--TOPICAL TERM
- Topical term or geographic name entry element: Desacato a los presidentes de los organismos del estado
550 ## - SEE ALSO FROM TRACING--TOPICAL TERM
- Control subfield: g
- Topical term or geographic name entry element: Delitos contra la administracion publica
550 ## - SEE ALSO FROM TRACING--TOPICAL TERM
- Control subfield: g
- Topical term or geographic name entry element: Delitos contra la autoridad publica
670 ## - SOURCE DATA FOUND
- Source citation: LEMB
670 ## - SOURCE DATA FOUND
- Source citation: Tesauro de política criminal latinoamericana. San José de Costa Rica : ILANUD, 1988. Alcaraz, Enrique. Diccionario de términos jurídicos inglés-español. Barcelona: Editorial Ariel, 1994.
750 ## - ESTABLISHED HEADING LINKING ENTRY--TOPICAL TERM
- Topical term or geographic name entry element: Disrespect for duly constituted authority